[Event "Oslo ASKO op"]
[Site "Oslo"]
[Date "2009.01.23"]
[Round "1"]
[White "Lovik, Lasse Ostebo"]
[Black "Norum, Ole Christian"]
[Result "1-0"]
[WhiteElo "2183"]
[BlackElo "1354"]
[PlyCount "47"]
[EventDate "2009.01.23"]
[EventType "swiss"]
[EventRounds "5"]
[EventCountry "NOR"]
[SourceTitle "EXT 2011"]
[Source "ChessBase"]
[SourceDate "2010.11.26"]
[SourceVersion "1"]
[SourceVersionDate "2010.11.26"]
[SourceQuality "1"]

1. e4 c5 2. Nf3 Nc6 3. d4 cxd4 4. Nxd4 d6 5. Nc3 e5 6. Ndb5 a6 7. Na3 Nf6 8. Bg5 Be7 9. Nc4 b5 10. Bxf6 bxc4 11. Bxe7 Nxe7 12. Bxc4 Be6 13. Bxe6 fxe6 14. Qg4 Qc8 15. Qxg7 Ng6 16. 0-0-0 Qb8 17. h4 Ra7 18. Qf6 Kd7 19. h5 Rf8 20. Qg7+ Ke8 21. Qh6 Qb4 22. hxg6 Rc7 23. g7 Rg8 24. Qxe6+ 1-0